000 00795nam a2200169Ia 4500
008 090711s9999 xx 000 0 und d
082 _b1757
100 _aकेळकर नीतीन म.
245 _aअलौकिक विद्वान समाजसेवक - हरी नारायण आपटे
260 _bकर्नाटक पब्लिशिंग हाउस
_c1964
300 _a288
600 _aकेळकर नीतीन म.
630 _aअलौकिक विद्वान समाजसेवक - हरी नारायण आपटे
700 _aकेळकर नीतीन म.
730 _aअलौकिक विद्वान समाजसेवक - हरी नारायण आपटे
942 _cBOOK
999 _c338797
_d338794